Statistiken für Serien erraten

Klicken Sie hier um das Quiz zu spielen!

Allgemein

  • Dieses Quiz wurde 1.906 mal gespielt
  • Das Durchschnittsergebnis liegt bei 5 aus 8

Antwortstatistiken

HintAntwort% Korrekt
Ein Vater erzählt seinen Kindern im Jahre 2030 wie er seine Mutter kennengelernt hat. Dabei geht er auf jede kleine Geschichte in seinem Leben ein.How I met your Mother
86%
Ein Architekt versucht seinen Bruder aus dem Gefängnis zu befreien und lässt sich dafür selber im Gefängnis einsperren um mit ihm zusammen auszubrechen. Nach ihrer Ausbruch aus ihrem Gefängnis sind sie auf der Flucht und landen in verschiedenen anderen Gefängnissen aus denen sie gemeinsam ausbrechen.Prison Break
85%
Der Teufel persönlich gönnt sich eine Auszeit als Herrscher der Unterwelt und hat einen Nachtclub in Los Angelas eröffnet. Dazu ist er noch beim LAPD als ziviler Berater tätig.Lucifer
84%
Nach einer atomaren Katastrophe haben sich die Menschen ins all gerettet. Nun werden 100 Jugendliche Straftäter auf die Erde geschickt, um zu gucken ob sie wieder bewohn bar ist.The 100
57%
Die Serie erzählt die Geschichte von Ragnar Lothbrock und seinen Söhnen.Vikings
54%
Ein ehemaliger Navyseal führt auf Hawaii eine Sondereinheit zur Aufklärung von Verbrechen an.Hawaii-Five-O
50%
Wir tauchen in eine weit weit entfernte GalaXis ein und sehen sie zur Zeit der Klonkriege.Star Wars The Clone Wars
49%
Nach dem Zerfall des Imperiums schlägt sich ein einsamer Kopfgeldjäger seinen Weg durch die GalaxisStar Wars The Mandalorian
39%

Verteilung der Resultate

Perzentil nach korrekt beantworteten Fragen

Anzahl Personen mit jedem Resultat

Ihre Resultats-Entwicklung

Sie haben dieses Quiz noch nicht gespielt